| 000 | 02421cam a22003735i 4500 | ||
|---|---|---|---|
| 001 | 17990872 | ||
| 003 | EG-ScBUE | ||
| 005 | 20250707095156.0 | ||
| 008 | 140108s2014 enka f b 001 0 eng d | ||
| 020 | _a9780199689095 (pbk.) | ||
| 035 | _a(OCoLC)ocn862792689 | ||
| 040 |
_aEG-ScBUE _beng _erda _cEG-ScBUE _dEG-ScBUE |
||
| 082 | 0 | 4 |
_a541 _bATK _222 |
| 100 | 1 |
_aAtkins, P. W. _q(Peter William), _d1940- _eauthor. |
|
| 245 | 1 | 0 |
_aPhysical chemistry : _ba very short introduction / _cPeter Atkins. |
| 250 | _aFirst edition. | ||
| 250 | _aThird impression. | ||
| 264 | 1 |
_aOxford : _bOxford University Press, _c2014. |
|
| 300 |
_axvii, 128 pages : _billustrations ; _c18 cm. |
||
| 336 |
_2rdacontent _atext _btxt |
||
| 337 |
_aunmediated _2rdamedia _bn |
||
| 338 |
_avolume _bnc _2rdacarrier |
||
| 490 | 0 |
_aVery short introductions ; _v385 |
|
| 504 | _aIncludes bibliographical references and index. | ||
| 505 | 0 | _aMatter from the inside -- Matter from the outside -- Bridging matter -- States of matter -- Changing the state of matter -- Changing the identity of matter -- Investigating matter. | |
| 520 | _a"With the development of a variety of exciting new areas of research involving computational chemistry, nano- and smart materials, and applications of the recently discovered graphene, there can be no doubt that physical chemistry is a vitally important field. It is also perceived as the most daunting branch of chemistry, being necessarily grounded in physics and mathematics and drawing as it does on quantum mechanics, thermodynamics, and statistical thermodynamics. With his typical clarity and hardly a formula in sight, Peter Atkins' Very Short Introduction explores the contributions physical chemistry has made to all branches of chemistry. Providing insight into its central concepts Atkins reveals the cultural contributions physical chemistry has made to our understanding of the natural world."--Publisher information. | ||
| 650 | 7 |
_aChemistry, Physical and theoretical. _2BUEsh |
|
| 653 |
_bCOMAME _bENGCHE _cFebruary2017 |
||
| 655 | _vReading book | ||
| 856 | 4 | 2 |
_3Contributor biographical information _uhttp://www.loc.gov/catdir/enhancements/fy1410/2014930362-b.html |
| 856 | 4 | 2 |
_3Publisher description _uhttp://www.loc.gov/catdir/enhancements/fy1410/2014930362-d.html |
| 856 | 4 | 1 |
_3Table of contents only _uhttp://www.loc.gov/catdir/enhancements/fy1410/2014930362-t.html |
| 942 |
_2ddc _cBB |
||
| 999 |
_c24124 _d24096 |
||